Statistics for Председници Србије

Click here to take the quiz!

General Stats

  • This quiz has been taken 23 times
  • The average score is 6 of 24

Answer Stats

Мандат Председник % Correct
2017−Александар Вучић
100%
2004−2012Борис Тадић
93%
2012−2017Томислав Николић
93%
1989−1997Слободан Милошевић
86%
1974−1978Драгослав Марковић
21%
2004 (в.д.)Предраг Марковић
21%
1953−1957Петар Стамболић
21%
2002−2004 (в.д.)Наташа Мићић
21%
1997−2002Милан Милутиновић
21%
1986−1987Иван Стамболић
21%
2012 (в.д.)Славица Ђукић-Дејановић
14%
1963−1967Душан Петровић Шане
14%
1984−1986Душан Чкребић
14%
1967−1969Милош Минић
7%
1945−1953Синиша Станковић
7%
2004 (в.д.)Драган Маршићанин
7%
1978−1982Добривоје Видић
0%
1982−1984Никола Љубичић
0%
1974Живан Васиљевић
0%
1989 (в.д.)Љубиша Игић
0%
1997 (в.д.)Драган Томић
0%
1957−1963Јован Веселинов
0%
1987−1989Петар Грачанин
0%

Score Distribution

Percentile by Number Answered

Percent of People with Each Score

Your Score History

You have not taken this quiz